<?xml version="1.0" encoding="UTF-8"?>
<record
    xmlns:xsi="http://www.w3.org/2001/XMLSchema-instance"
    xsi:schemaLocation="http://www.loc.gov/MARC21/slim http://www.loc.gov/standards/marcxml/schema/MARC21slim.xsd"
    xmlns="http://www.loc.gov/MARC21/slim">

  <leader>01017nas a2200205 i 4500</leader>
  <controlfield tag="001">768714001</controlfield>
  <controlfield tag="003">CO-MdFUSB</controlfield>
  <controlfield tag="005">20240823115242.0</controlfield>
  <controlfield tag="008">220906s1985    ck ||||| |||| 00| 0 spa d</controlfield>
  <datafield tag="040" ind1=" " ind2=" ">
    <subfield code="b">spa</subfield>
    <subfield code="c">CO-MdFUSB</subfield>
    <subfield code="d">CO-MdFUSB</subfield>
  </datafield>
  <datafield tag="041" ind1=" " ind2=" ">
    <subfield code="a">spa</subfield>
  </datafield>
  <datafield tag="100" ind1=" " ind2=" ">
    <subfield code="a">Ulcue Chocue, Alvaro, </subfield>
    <subfield code="e">autor</subfield>
  </datafield>
  <datafield tag="245" ind1=" " ind2="4">
    <subfield code="a">Los brujos y yerbateros paeces "nasa peisa"</subfield>
    <subfield code="c">/ Alvaro Ulcue Chocue</subfield>
  </datafield>
  <datafield tag="300" ind1=" " ind2=" ">
    <subfield code="a">Volumen 63, (julio, 1985), p&#xE1;ginas : 43-50</subfield>
    <subfield code="c">; 23 cm</subfield>
  </datafield>
  <datafield tag="520" ind1=" " ind2=" ">
    <subfield code="a">En toda loma, regi&#xF3;n o vereda donde viven los Paeces,  tienen uno o dos brujos, mas unos cuantos yerbateros.
En las lomas hay brujos para que el interesado pueda consultar y buscar libremente para contrarrestar el maleficio u otra desgracia. todo P&#xE1;ez acude con mucha fe a este personaje de la regi&#xF3;n.</subfield>
  </datafield>
  <datafield tag="650" ind1=" " ind2="7">
    <subfield code="9">6714</subfield>
    <subfield code="a">Antropolog&#xED;a cultural y social</subfield>
  </datafield>
  <datafield tag="773" ind1="0" ind2=" ">
    <subfield code="0">49438</subfield>
    <subfield code="9">81250</subfield>
    <subfield code="d">Centro Antropol&#xF3;gico Colombiano</subfield>
    <subfield code="o">R1675</subfield>
    <subfield code="t">Ethnia</subfield>
    <subfield code="w">(CO-MdFUSB)768714001</subfield>
    <subfield code="g">Volumen 63, (julio, 1985), p&#xE1;ginas : 43 - 50</subfield>
    <subfield code="q">p&#xE1;gina : 43</subfield>
  </datafield>
  <datafield tag="942" ind1=" " ind2=" ">
    <subfield code="c">ANA</subfield>
  </datafield>
  <datafield tag="945" ind1=" " ind2=" ">
    <subfield code="a">AF</subfield>
  </datafield>
  <datafield tag="999" ind1=" " ind2=" ">
    <subfield code="c">68117</subfield>
    <subfield code="d">68117</subfield>
  </datafield>
</record>
